000 01629nam0a22003731 4500
001 v19\rc\1976054
005 20251118181229.7
035 _a(NLR Aleph) 005069568
090 _a7081100
_c7081100
100 _a20080623d1914 |||y0rusy50 ca
101 0 _arus
102 _aRU
105 _aag z |||a|
200 1 _aТеатр в школе и дома
_eПьесы. Декламация. Игры. Пение
_fИгнатий Ломакин
_gДля пьес музыка специально написана А.О. Палице
_gМузыка к песням Н.А. Маныкина-Невструева
210 _a[Москва]
_cтип. АО "Моск. изд-во"
_d[1914]
215 _aXII, 68 с., 1 л. ил.
_cил., нот.
_d24
311 _aБеспл. прил. к журн. "Дет. мир". 1914
422 0 _12001#$aДетский мир$v1914
532 1 3 _aТеатр в школе и дома
700 1 _aЛомакин
_bИ. С.
_gИгнатий Семенович
702 1 _6z02790
_aПалице
_bА. О.
_f-1914
_gАнтон Осипович
_4230
702 1 _6z01790
_aМаныкин-Невструев
_bН. А.
_f1869-
_gНиколай Александрович
_4230
790 1 _6z01702
_aНевструев
_bН. А.
_f1869-
_gНиколай Александрович
790 1 _6z02702
_aПалицын
_bА. О.
_f-1914
801 0 _aRU
_bNLR
_gpsbo
801 0 _aRU
_bRuMoRGB
_2psbo
801 1 _aRU
_bProSoft-M
_2rusmarc
852 _aNLR
_j37.53.5.608
899 _aRuMoRGB
_jV 22/379
899 _aRuMoRGB
_jV 107/202
899 _aБАН
942 _cBOOK
980 _aNB